Botany for degree students: fungi Part II (Record no. 127913)
[ view plain ]
| 000 -LEADER | |
|---|---|
| fixed length control field | 00789nam a2200289Ia 4500 |
| 003 - CONTROL NUMBER IDENTIFIER | |
| control field | OSt |
| 005 - DATE AND TIME OF LATEST TRANSACTION | |
| control field | 20230217145705.0 |
| 008 - FIXED-LENGTH DATA ELEMENTS--GENERAL INFORMATION | |
| fixed length control field | 210210b1992 xxu||||| |||| 00| 0 eng d |
| 040 ## - CATALOGING SOURCE | |
| Original cataloging agency | AL |
| Transcribing agency | |
| 041 ## - LANGUAGE CODE | |
| Language code of text/sound track or separate title | eng |
| 082 ## - DEWEY DECIMAL CLASSIFICATION NUMBER | |
| Classification number | 580/266 UGC |
| 100 ## - MAIN ENTRY--PERSONAL NAME | |
| Personal name | VASHISHTA (B R) |
| 9 (RLIN) | 34404 |
| 245 ## - TITLE STATEMENT | |
| Title | Botany for degree students: fungi Part II |
| 250 ## - EDITION STATEMENT | |
| Edition statement | 9 |
| 260 ## - PUBLICATION, DISTRIBUTION, ETC. | |
| Place of publication, distribution, etc. | New Delhi |
| Name of publisher, distributor, etc. | S. Chand & Co. Ltd. |
| Date of publication, distribution, etc. | 1992 |
| 300 ## - PHYSICAL DESCRIPTION | |
| Extent | x,506p. |
| Other physical details | PB |
| Dimensions | 24x17cm |
| 365 ## - TRADE PRICE | |
| Source of price type code | Botany |
| Price amount | 65.00 |
| Currency code | ₹ |
| Unit of pricing | 65.00 |
| 650 ## - SUBJECT ADDED ENTRY--TOPICAL TERM | |
| Topical term or geographic name entry element | Divisiion Mycota |
| 9 (RLIN) | 34409 |
| 650 ## - SUBJECT ADDED ENTRY--TOPICAL TERM | |
| Topical term or geographic name entry element | Order Peronosporales |
| 9 (RLIN) | 72553 |
| 650 ## - SUBJECT ADDED ENTRY--TOPICAL TERM | |
| Topical term or geographic name entry element | Schizomycota and Viruses |
| 9 (RLIN) | 72554 |
| 650 ## - SUBJECT ADDED ENTRY--TOPICAL TERM | |
| Topical term or geographic name entry element | Lichens |
| 9 (RLIN) | 72555 |
| 650 ## - SUBJECT ADDED ENTRY--TOPICAL TERM | |
| Topical term or geographic name entry element | Plant Diseases |
| 9 (RLIN) | 72556 |
| 690 ## - LOCAL SUBJECT ADDED ENTRY--TOPICAL TERM (OCLC, RLIN) | |
| Topical term or geographic name as entry element | Botany |
| 9 (RLIN) | 34413 |
| 700 ## - ADDED ENTRY--PERSONAL NAME | |
| Personal name | VASHISHTA (B R) |
| 9 (RLIN) | 72557 |
| 906 ## - LOCAL DATA ELEMENT F, LDF (RLIN) | |
| a | 047061 |
| 942 ## - ADDED ENTRY ELEMENTS (KOHA) | |
| Source of classification or shelving scheme | Dewey Decimal Classification |
| Koha item type | Book |
| Withdrawn status | Lost status | Source of classification or shelving scheme | Damaged status | Not for loan | Collection code | Home library | Current library | Shelving location | Date acquired | Source of acquisition | Cost, normal purchase price | Total Checkouts | Full call number | Barcode | Date last seen | Price effective from | Koha item type |
|---|---|---|---|---|---|---|---|---|---|---|---|---|---|---|---|---|---|
| Dewey Decimal Classification | Botany | St Aloysius Library | St Aloysius Library | UGC Book Bank | 02/17/2021 | S. Shrinidhi Book Distributors, Kulur-574196 | 65.00 | 580/266 VASB | 047061 | 02/17/2021 | 02/17/2021 | Book | |||||
| Dewey Decimal Classification | Botany | St Aloysius Library | St Aloysius Library | UGC Book Bank | 02/17/2021 | S. Shrinidhi Book Distributors, Kulur-574196 | 65.00 | 580/267 VASB | 047062 | 02/17/2021 | 02/17/2021 | Book | |||||
| Dewey Decimal Classification | Botany | St Aloysius Library | St Aloysius Library | UGC Book Bank | 02/17/2021 | S. Shrinidhi Book Distributors, Kulur-574196 | 65.00 | 580/268 VASB | 047063 | 02/17/2021 | 02/17/2021 | Book | |||||
| Dewey Decimal Classification | Botany | St Aloysius Library | St Aloysius Library | UGC Book Bank | 02/17/2021 | S. Shrinidhi Book Distributors, Kulur-574196 | 65.00 | 580/269 VASB | 047064 | 02/17/2021 | 02/17/2021 | Book | |||||
| Dewey Decimal Classification | Botany | St Aloysius Library | St Aloysius Library | UGC Book Bank | 02/17/2021 | S. Shrinidhi Book Distributors, Kulur-574196 | 65.00 | 580/270 VASB | 047065 | 02/17/2021 | 02/17/2021 | Book |